000 01429nam a2200205Ia 4500
020 _a9251051615 (pbk.)
040 _cFQG
082 _a333 FOO 2004 A015 Or.
245 1 0 _aCongress proceedings synthesis :
_bXII World Forestry Congress, Qu©♭bec City, Canada, September 21 to 28, 2003 : Forests, source of life
246 3 0 _aXII World Forestry Congress
246 3 0 _aForests, source of life
260 _aRome :
_bFood and Agriculture Organization of the United Nations,
_c2004
300 _a127 p. ;
_c23 cm
520 _aOrganized once every six years under the auspices of FAO, the World Forestry Congress is the most important forestry event held in the world. The twelfth session was held from 21 to 28 September 2003 in Quebec City, Canada, with the theme "Forests: source of life". More than 4000 people from 137 countries participated. The Main Volume of the XII WFC Proceedings was originally published only on CD-ROM. This Synthesis is published in print by FAO to disseminate the key contents of the Main Volume more widely. It contains the Introduction, the Programme, the Final Statement and the Conclusions and Recommendations of the Congress, as well as the statements given during the opening and closing ceremonies
650 0 _aForests and forestry
650 0 _aSustainable forestry
650 0 _aForest management
710 2 _aFood and Agriculture Organization of the United Nations
942 _cEK
999 _c11371
_d11371